000 01179cam a22002774a 4500
001 gs 37000129
003 DLC
005 20260227111341.0
008 770416s1937 sa b 000 0 eng c
010 _ags 37000129
035 _a(OCoLC)2892492
040 _aU. S. Geol. survey. Library
_cFTS
_dDLC
042 _apremarc
050 0 0 _aQE324
_b.A3 no. 30
100 1 _aHall, A. L.
_q(Arthur Lewis),
_d1872-1955.
245 1 2 _aA bibliography of South African geology for the years 1931 to 1935 (inclusive).
_pAuthor's index /
_cby A. L. Hall.
260 _aPretoria :
_bGovernment printer,
_c1937.
300 _a168 p. ;
_c25 cm.
490 1 _aGeological survey memoir ;
_vno. 30
500 _aAt head of title: Union of South Africa. Department of Mines.
500 _aContinuation of Memoirs 18, 22, 25 and 27.
501 _aWith: The building stones of the Union of South Africa / by W. Wybergh. Pretoria : Government Printer, 1932. Bound together subsequent to publication.
_5DLC
650 0 _aGeology
_zSouth Africa
_vBibliography.
710 1 _aSouth Africa.
_bDepartment of Mines and Industries.
830 0 _aMemoir (Geological Survey (South Africa)) ;
_vno. 30.
999 _c27350
_d27350